Systém na automatizované testovanie a hodnotenie programátorských zadaní
Salvato in:
| Autore principale: | |
|---|---|
| Altri autori: | |
| Natura: | Manoscritto Libro |
| Lingua: | slovacco |
| Pubblicazione: |
Bratislava :
STU v Bratislave FEI,
2021
|
| Soggetti: | |
| Accesso online: | https://opac.crzp.sk/?fn=detailBiblioForm&sid=6327E39BEACEDA03040D05820365&seo=CRZP-detail-kniha |
| Tags: |
Nessun Tag, puoi essere il primo ad aggiungerne!!
|
MARC
| LEADER | 00000ntm a22000003a 4500 | ||
|---|---|---|---|
| 001 | stuzp82699 | ||
| 003 | SK-STU | ||
| 005 | 20220203101558.4 | ||
| 007 | ta | ||
| 008 | 150427s2015----xo-----f-mn---000-0-slo-d | ||
| 040 | |a STU |b slo | ||
| 041 | 0 | |a slo | |
| 044 | |a xo | ||
| 100 | 1 | |a Peluha, Matej |u 035000 |4 aut |U FEI Fakulta elektrotechniky a informatiky |T FEI Ústav informatiky a matematiky |X 97899 |U E050 |Y 816 |7 97899 | |
| 242 | 0 | 1 | |a System for automated evaluation of programming assignments |y eng |
| 245 | 1 | 0 | |a Systém na automatizované testovanie a hodnotenie programátorských zadaní |
| 260 | |a Bratislava : |b STU v Bratislave FEI, |c 2021 | ||
| 300 | |a 58 s., príl. | ||
| 650 | 4 | |a testovanie |2 slo | |
| 650 | 4 | |a viacvláknovosť |2 slo | |
| 650 | 4 | |a unit testing |2 slo | |
| 650 | 4 | |a systém |2 slo | |
| 650 | 4 | |a automatizovaný |2 slo | |
| 650 | 4 | |a vyhodnotenie |2 slo | |
| 650 | 4 | |a automated |2 eng | |
| 650 | 4 | |a multithreading |2 eng | |
| 650 | 4 | |a system |2 eng | |
| 650 | 4 | |a unit testing |2 eng | |
| 650 | 4 | |a evaluating |2 eng | |
| 650 | 4 | |a testing |2 eng | |
| 700 | 1 | |a Marák, Pavol |u 035000 |k Z1 |4 ths |U FEI Fakulta elektrotechniky a informatiky |T FEI Ústav informatiky a matematiky |X 50790 |U E050 |Y 816 |7 A000050790 | |
| 856 | 4 | |u https://opac.crzp.sk/?fn=detailBiblioForm&sid=6327E39BEACEDA03040D05820365&seo=CRZP-detail-kniha | |